000
00290nam a22001337a 4500
008
181221b xxu||||| |||| 00| 0 eng d
020
_a
0155151800
041
_a
eng
080
_a
371
100
_a
46
101
_a
EDU
245
_a
A Course in Phonetics
_c
Ladefoged, P
942
_2
udc
_c
BK
999
_c
53692
_d
53692